00308 2200133 4500001002100000005001500021035002000036245004700056300000800103260003100111082000800142084001200150990001200162INLIS00000000000240320250528121213 a0010-0525000695 aMerpati Tak Pernah Ingkar Janji /cMira W. a183 aJakarta :bGramedia,c2003 a813 a813 MER a0713421